[Event "Leipzig VfB op 09th"]
[Site "Leipzig"]
[Date "2002.03.07"]
[Round "5"]
[White "Schulze, Susanne"]
[Black "Bergmann, Hans Dieter"]
[Result "0-1"]
[WhiteElo "831"]
[BlackElo "1527"]
[PlyCount "42"]
[EventDate "2002.03.05"]
[EventType "swiss"]
[EventRounds "9"]
[EventCountry "GER"]
[SourceTitle "EXT 2007"]
[Source "ChessBase"]
[SourceDate "2006.11.23"]
[SourceVersion "1"]
[SourceVersionDate "2006.11.23"]
[SourceQuality "1"]

1. d4 Nf6 2. Nf3 d6 3. Bf4 g6 4. e3 Bg7 5. Be2 Nh5 6. Bg5 f6 7. Bh4 Bh6 8. e4 Nf4 9. Bf1 c5 10. Nbd2 Qa5 11. c3 Bd7 12. Qc2 Na6 13. a3 cxd4 14. Nc4 Qc7 15. cxd4 Rc8 16. 0-0-0 b5 17. Ne3 Qa5 18. Nc4 bxc4 19. Bxc4 d5 20. exd5 Bf5 21. Qb3 Ne2# 0-1